[Event "Canadian-ch op"]
[Site "Hamilton"]
[Date "2022.07.13"]
[Round "2"]
[White "Hambleton, Aman"]
[Black "Manley, Jason"]
[Result "1/2-1/2"]
[WhiteElo "2454"]
[BlackElo "2058"]
[PlyCount "68"]
[EventDate "2022.07.12"]
[EventType "swiss"]
[EventRounds "9"]
[EventCountry "CAN"]
[SourceTitle "CBM 209 Extra"]
[Source "ChessBase"]
[SourceDate "2022.09.30"]
[SourceVersion "1"]
[SourceVersionDate "2022.09.30"]
[SourceQuality "1"]

1. d4 Nf6 2. c4 c5 3. d5 b5 4. cxb5 a6 5. bxa6 Bxa6 6. Nc3 d6 7. e4 Bxf1 8. Kxf1 g6 9. g3 Bg7 10. Kg2 0-0 11. Nge2 Nbd7 12. h3 Nb6 13. Rb1 Qe8 14. b3 Nfd7 15. a4 f5 16. exf5 Rxf5 17. g4 Rf8 18. Ne4 Qf7 19. Nf4 h6 20. Ne6 Nf6 21. Nxf6+ Bxf6 22. Nxf8 Rxf8 23. Qd3 Nxd5 24. Rf1 Bg5 25. Bxg5 hxg5 26. Qe4 Nc3 27. Qe3 Nxb1 28. Rxb1 Qd5+ 29. Kg1 Rf3 30. Qxe7 Rxh3 31. Qe8+ Kg7 32. Qe7+ Kg8 33. Qe8+ Kg7 34. Qe7+ Kg8 1/2-1/2

[Event "Quebec op"]
[Site "Longueuil"]
[Date "2019.07.26"]
[Round "8"]
[White "Manley, Jason"]
[Black "Tanaka, Taira Tyler"]
[Result "0-1"]
[WhiteElo "2025"]
[BlackElo "2109"]
[PlyCount "68"]
[EventDate "2019.07.20"]
[EventType "swiss"]
[EventRounds "9"]
[EventCountry "CAN"]
[SourceTitle "CBM 191 Extra"]
[Source "ChessBase"]
[SourceDate "2019.09.30"]
[SourceVersion "1"]
[SourceVersionDate "2019.09.30"]
[SourceQuality "1"]

1. c4 Nf6 2. g3 g6 3. Bg2 Bg7 4. d4 0-0 5. Nc3 c5 6. d5 d6 7. e4 e6 8. Nge2 exd5 9. cxd5 Re8 10. 0-0 a6 11. a4 Nbd7 12. Bf4 Ne5 13. b3 Rb8 14. Nc1 b5 15. Nd3 Nxd3 16. Qxd3 Nh5 17. axb5 Nxf4 18. gxf4 axb5 19. Ra2 Bd7 20. Nd1 Ra8 21. Rxa8 Qxa8 22. Ne3 Qa3 23. Nc2 Qa2 24. Rd1 c4 25. bxc4 bxc4 26. Qe2 Ba4 27. Rc1 Qb2 28. Qd1 Bh6 29. Qd2 c3 30. Qe3 Bxc2 31. f3 Bg7 32. Kh1 Rb8 33. Bf1 Bd4 34. Qe1 Bf2 0-1

[Event "Quebec op"]
[Site "Longueuil"]
[Date "2019.07.24"]
[Round "6"]
[White "Manley, Jason"]
[Black "Martinez Mulet, Dario Leonel"]
[Result "0-1"]
[WhiteElo "2025"]
[BlackElo "2123"]
[PlyCount "122"]
[EventDate "2019.07.20"]
[EventType "swiss"]
[EventRounds "9"]
[EventCountry "CAN"]
[SourceTitle "CBM 191 Extra"]
[Source "ChessBase"]
[SourceDate "2019.09.30"]
[SourceVersion "1"]
[SourceVersionDate "2019.09.30"]
[SourceQuality "1"]

1. Nf3 d5 2. g3 Nf6 3. Bg2 c6 4. 0-0 Bf5 5. d3 e6 6. Nbd2 Nbd7 7. Re1 Bc5 8. c3 0-0 9. h3 Qc7 10. d4 Bd6 11. Nh4 Rfe8 12. g4 Bg6 13. Nxg6 hxg6 14. e4 dxe4 15. g5 e3 16. fxe3 Nh5 17. Ne4 Bh2+ 18. Kh1 f5 19. gxf6 gxf6 20. Bf3 Ng3+ 21. Nxg3 Bxg3 22. Rg1 Kf7 23. Qc2 Rg8 24. Qg2 Bd6 25. e4 Bf4 26. Bg4 f5 27. Qf2 Bxc1 28. Raxc1 Nf6 29. exf5 gxf5 30. Bf3 Rh8 31. Qh2 Qxh2+ 32. Kxh2 Rh7 33. b4 Rah8 34. Bg2 Ng4+ 35. Kg3 Ne3 36. Kf4 Nxg2+ 37. Rxg2 Kf6 38. Rcg1 Rh4+ 39. Ke3 Rxh3+ 40. Kf2 Rh2 41. Ke3 Rxg2 42. Rxg2 Rh3+ 43. Kd2 f4 44. a4 Rh7 45. Rg8 Kf5 46. Ra8 Rh2+ 47. Kd3 Rh3+ 48. Kd2 Rh7 49. Ke2 Rg7 50. Kd2 Rg2+ 51. Kd3 Rg3+ 52. Kd2 Rg6 53. Rxa7 Ke4 54. Rxb7 Rg2+ 55. Ke1 Ke3 56. Kf1 Ra2 57. Re7 Ra1+ 58. Kg2 f3+ 59. Kg3 Rg1+ 60. Kh2 f2 61. Rxe6+ Kd3 0-1

[Event "Quebec op"]
[Site "Longueuil"]
[Date "2019.07.23"]
[Round "5"]
[White "Manley, Jason"]
[Black "Rodrigue Lemieux, Shawn"]
[Result "0-1"]
[WhiteElo "2025"]
[BlackElo "2257"]
[PlyCount "88"]
[EventDate "2019.07.20"]
[EventType "swiss"]
[EventRounds "9"]
[EventCountry "CAN"]
[SourceTitle "CBM 191 Extra"]
[Source "ChessBase"]
[SourceDate "2019.09.30"]
[SourceVersion "1"]
[SourceVersionDate "2019.09.30"]
[SourceQuality "1"]

1. Nf3 Nf6 2. g3 d5 3. Bg2 e6 4. 0-0 Be7 5. d3 c5 6. c4 0-0 7. Qc2 Nc6 8. a3 b6 9. cxd5 Nxd5 10. b4 Bf6 11. Ra2 Nd4 12. Nxd4 cxd4 13. e4 dxe3 14. fxe3 Ba6 15. Qb3 Rc8 16. b5 Bb7 17. d4 Qd7 18. Re2 Ne7 19. Bxb7 Qxb7 20. Nc3 Nf5 21. Rd1 Qf3 22. Rc2 Nxe3 23. Rf2 Qxf2+ 24. Kxf2 Rxc3 25. Qa4 Rc4 26. Qb3 Nxd1+ 27. Qxd1 Bxd4+ 28. Kg2 Rfc8 29. Bd2 Bf6 30. Bb4 Rd8 31. Qe2 Rc7 32. Qe4 Rd5 33. Kh3 h6 34. Qf4 Rcd7 35. Qb8+ Kh7 36. Qe8 Rc7 37. Qb8 Be5 38. Qe8 h5 39. Be7 Kg6 40. Bb4 Rd4 41. Qa8 Rc2 42. Qh1 Kh6 43. Qg1 g5 44. Be7 Rh4+ 0-1

[Event "Quebec op"]
[Site "Longueuil"]
[Date "2019.07.21"]
[Round "2"]
[White "Cummings, David H"]
[Black "Manley, Jason"]
[Result "1-0"]
[WhiteElo "2340"]
[BlackElo "2025"]
[PlyCount "103"]
[EventDate "2019.07.20"]
[EventType "swiss"]
[EventRounds "9"]
[EventCountry "CAN"]
[SourceTitle "CBM 191 Extra"]
[Source "ChessBase"]
[SourceDate "2019.09.30"]
[SourceVersion "1"]
[SourceVersionDate "2019.09.30"]
[SourceQuality "1"]

1. c4 Nf6 2. Nc3 b6 3. e4 d6 4. d4 Bb7 5. Bd3 Nbd7 6. Nf3 c5 7. d5 g6 8. h3 Bg7 9. Bg5 a6 10. a4 Qc7 11. Qd2 h6 12. Be3 g5 13. h4 g4 14. Nh2 h5 15. f3 0-0-0 16. Be2 gxf3 17. gxf3 Rdg8 18. 0-0-0 Ne5 19. Rdg1 Kb8 20. Nf1 Bc8 21. Ng3 Ka8 22. Kb1 Bd7 23. Nf5 Bxf5 24. exf5 Qd7 25. Qc2 Qc8 26. Bg5 Qd7 27. Rg2 Nh7 28. Rhg1 Bf6 29. Bd2 Qc8 30. f4 Ng4 31. Bxg4 hxg4 32. Rxg4 Bxh4 33. Rxg8 Rxg8 34. Rh1 Rg4 35. a5 b5 36. cxb5 axb5 37. Nxb5 Nf6 38. Nc3 Bf2 39. Na4 Qb7 40. Nb6+ Ka7 41. Rh8 Rg1+ 42. Ka2 Rg8 43. Rxg8 Nxg8 44. Bc3 Bh4 45. Qg2 Qb8 46. Qe2 Qe8 47. b4 cxb4 48. Bd4 Bf6 49. Bf2 Nh6 50. Nd7+ Kb7 51. Qb5+ Kc7 52. Qc6+ 1-0

[Event "CAN-ch U18"]
[Site "Windsor"]
[Date "2010.07.09"]
[Round "7"]
[White "Manley, Jason"]
[Black "Hambleton, Aman"]
[Result "0-1"]
[WhiteElo "2038"]
[BlackElo "2315"]
[PlyCount "112"]
[EventDate "2010.07.06"]
[EventType "swiss"]
[EventRounds "7"]
[EventCountry "CAN"]
[SourceTitle "EXT 2012"]
[Source "ChessBase"]
[SourceDate "2011.11.24"]
[SourceVersion "1"]
[SourceVersionDate "2011.11.24"]
[SourceQuality "1"]

1. e4 e6 2. d4 d5 3. exd5 exd5 4. c4 Nf6 5. Nc3 c6 6. Nf3 Be7 7. Be2 0-0 8. 0-0 dxc4 9. Ne5 Be6 10. a4 Nbd7 11. Nxc4 Nb6 12. Ne3 a5 13. Bf3 Qd7 14. Ne2 Nfd5 15. Bd2 Rfe8 16. Qc2 Nb4 17. Bxb4 Bxb4 18. Rfd1 Nd5 19. Nc4 Qc7 20. Nc3 Rad8 21. Nd2 Bd6 22. Nf1 Nb4 23. Qb1 Bb3 24. Rd2 Bf4 25. Re2 Rxe2 26. Nxe2 Nc2 27. g3 Bd6 28. Ne3 Nxa1 29. Qxa1 Be7 30. Nf5 Bf6 31. Qa3 Be6 32. Qd3 Bxf5 33. Qxf5 Bxd4 34. Nxd4 Rxd4 35. Qc2 g6 36. Qb3 Kg7 37. Qc3 Qe5 38. Kg2 Qf6 39. Qxa5 Rd3 40. Be2 Rb3 41. Qc5 Rxb2 42. Bf3 Ra2 43. a5 Qa1 44. Qb6 Rxa5 45. Qxb7 c5 46. Bd5 Qf6 47. Qc7 Rb5 48. Bc4 Rb2 49. Qxc5 Rc2 50. Qd5 Qxf2+ 51. Kh3 Qxh2+ 52. Kg4 Qh5+ 53. Kf4 Qxd5 54. Bxd5 f5 55. Bb7 Kf6 56. Ba8 Rc3 0-1

[Event "Canadian op"]
[Site "Edmonton"]
[Date "2009.07.14"]
[Round "4.61"]
[White "Fu, James"]
[Black "Manley, Jason"]
[Result "1/2-1/2"]
[WhiteElo "1764"]
[BlackElo "2028"]
[PlyCount "118"]
[EventDate "2009.07.11"]
[EventType "swiss"]
[EventRounds "9"]
[EventCountry "CAN"]
[SourceTitle "EXT 2022"]
[Source "ChessBase"]
[SourceDate "2021.10.06"]
[SourceVersion "1"]
[SourceVersionDate "2021.10.06"]
[SourceQuality "1"]

1. e4 e5 2. Bc4 Nf6 3. Nc3 Nxe4 4. Bxf7+ Kxf7 5. Nxe4 Nc6 6. d3 Be7 7. Ne2 d5 8. N4g3 Rf8 9. 0-0 Kg8 10. d4 b6 11. Be3 Bb7 12. Qd2 Bf6 13. Rad1 Kh8 14. Nh5 Ba6 15. Nxf6 Qxf6 16. Rfe1 Bb7 17. Qc3 Rac8 18. dxe5 Qxe5 19. Bd4 Nxd4 20. Nxd4 Qf6 21. Qg3 Rce8 22. Rxe8 Rxe8 23. h3 c5 24. Nb5 Rf8 25. c3 a6 26. Nc7 Rd8 27. Re1 h6 28. Re6 Qf7 29. Rxb6 Bc8 30. Nxa6 Qa7 31. Qc7 Qxc7 32. Nxc7 d4 33. cxd4 cxd4 34. Kf1 d3 35. Ke1 d2+ 36. Kd1 Bf5 37. Rc6 Be4 38. Rc3 Bxg2 39. Ne6 Rd6 40. Nf4 Be4 41. b4 g5 42. Nh5 Bc6 43. Rxc6 Rxc6 44. Kxd2 Ra6 45. b5 Rxa2+ 46. Kc3 Rxf2 47. b6 Rf1 48. Kc4 Kg8 49. Kc5 Kf7 50. b7 Rb1 51. Kc6 Ke7 52. Ng3 Kd8 53. Nf5 Rc1+ 54. Kd6 Rd1+ 55. Nd4 Rxd4+ 56. Kc5 Kc7 57. Kxd4 h5 58. Ke4 g4 59. hxg4 hxg4 1/2-1/2